Colors that begin with the letter F - Statistics

General Stats
  • This quiz has been taken 473 times
  • The average score is 3 of 14
Answer Stats
Hint Answer % Correct
Fuchsia
77%
Forest Green
61%
Fern Green
35%
Firebrick
19%
Flax
17%
Frog
14%
Fog
12%
Falu Red
8%
French Rose
8%
Feldspar
7%
Fenway Grass
7%
Fresh Green
7%
Forget-me-nots
2%
Fraser Fir
2%
No matching quizzes found
Score Distribution
Percent of People with Each Score
Percentile by Number Answered
Your Score History
You have not taken this quiz